Every Class 2 Delaware Senator - Statistics

General Stats
  • This quiz has been taken 24 times
  • The average score is 8 of 31
Answer Stats
Picture Hint Answer % Correct
D(2010-) Chris Coons
100%
D(1973-2009) Joe Biden
100%
D(2009-2010) Edward Kaufman
67%
R(1961-1973) J. Caleb Boggs
67%
A(1826-1827) Daniel Rodney
33%
R(1889-1897) Anthony Higgins
17%
R(1943-1949) C. Douglass Buck
17%
R(1928-1937) Daniel O. Hastings
17%
D(1871-1889) Eli Saulsbury
17%
J(1827-1829) Henry M. Ridgely
17%
D(1949-1961) J. Allen Frear Jr.
17%
F(1804-1813) James A. Bayard Sr.
17%
R(1903-1907) James F. Allee
17%
D(1937-1943) James H. Hughes
17%
OP(1853-1856) John M. Clayton
17%
AJ(1829-1837) John M. Clayton
17%
F(1793-1798) John Vining
17%
OP(1856-1857) Joseph P. Comegys
17%
F(1798-1799) Joshua Clayton
17%
R(1919-1925) L. Heisler Ball
17%
D(1857-1859) Martin W. Bates
17%
F(1817-1826) Nicholas Van Dyke
17%
W(1847-1853) Presley Spruance
17%
PA(1789-1793) Richard Bassett
17%
D(1897-1903) Richard R. Kenney
17%
R(1925-1928) T. Coleman du Pont
17%
W(1837-1847) Thomas Clayton
17%
D(1913-1919) Willard Saulsbury Jr.
17%
D(1859-1871) Willard Saulsbury Sr.
17%
F(1813-1817) William H. Wells
17%
F(1799-1804) William H. Wells
17%
No matching quizzes found
Score Distribution
Percent of People with Each Score
Percentile by Number Answered
Your Score History
You have not taken this quiz